Mixed Word: Time Changes Quiz Stats

Quiz Updated Nov 20, 2017

Challenge
Share
Tweet
Embed
Score 0/19 Timer 04:00
1 Play Today
UNCERTAIN TIMES TIME WELL TOLD % Correct
KCCLOCLOCK
99.4%
LELC EHPONCELL PHONE
94.7%
IMTRETIMER
92.2%
SKA OSEMDOBYASK SOMEBODY
89.5%
ROPMUTECCOMPUTER
87.8%
ERET SNIGRTREE RINGS
87.8%
OPTSCHWATSTOPWATCH
86.1%
HTE NWTO RICERTHE TOWN CRIER
85%
ALGIDIT THWACDIGITAL WATCH
83.6%
DRANGFEATHR CCOKLGRANDFATHER CLOCK
82.3%
UNCERTAIN TIMES TIME WELL TOLD % Correct
ASUDNILSUNDIAL
81.6%
ETH CHAGNIGN FO SNOSESATHE CHANGING OF SEASONS
81.4%
NURAL LECCYLUNAR CYCLE
70.8%
BORNAC GNITADCARBON DATING
70.5%
INGUCONT DALOUCOUNTING ALOUD
64.2%
INOPOTIS FO SRASTPOSITION OF STARS
60.8%
ORNOCHTMERECHRONOMETER
51%
MEDISETRANY CORK SLARYESEDIMENTARY ROCK LAYERS
50.8%
LOFISS SRMEINAFOSSIL REMAINS
45.1%

You're not logged in!

Compare scores with friends on all Sporcle quizzes.
Sign Up with Email
OR
Log In

You Might Also Like...

Show Comments

Extras

Top Quizzes Today


Score Distribution

Your Account Isn't Verified!

In order to create a playlist on Sporcle, you need to verify the email address you used during registration. Go to your Sporcle Settings to finish the process.